Sports Quiz

Random Sports or Basketball Quiz

Iowa Basketball All-Time Leading Scorers Quiz Stats

Quiz not verified by Sporcle

Challenge
Share
Tweet
Embed
Score 0/10 Timer 05:00
0 Plays Today
Years Player % Correct
1986-89Roy Marble
87.1%
1986-89BJ Armstrong
73.5%
1994-97, 99Jess Settles
63.5%
1990-93Acie Earl
59%
2005-07Adam Haluska
54.1%
1998-01Dean Oliver
47.1%
1977-80Ronnie Lester
45.9%
1995-97Andre Woolridge
45.7%
1982-85Greg Stokes
42.2%
1960-62Don Nelson
36.1%

You're not logged in!

Compare scores with friends on all Sporcle quizzes.
Join for Free
OR
Log In

You Might Also Like...

Show Comments

Extras

Top Quizzes Today


Score Distribution

Your Account Isn't Verified!

In order to create a playlist on Sporcle, you need to verify the email address you used during registration. Go to your Sporcle Settings to finish the process.

Report this User

Report this user for behavior that violates our Community Guidelines.

Details: